| 000 | 00621cam a22001934a 4500 | ||
|---|---|---|---|
| 020 | _a9780896291706 (alk. paper) | ||
| 040 | _cDLC | ||
| 082 | 0 | 0 | _a338 COR 2009 C074 Or. |
| 100 | 1 | _aCororaton, Caesar B. | |
| 245 | 1 | 0 |
_aPhilippine agricultural and food policies : _bimplications for poverty and income distribution / |
| 260 |
_aWashington, DC : _bInternational Food Policy Research Institute, _cc2009. |
||
| 300 |
_axiv, 84 p. : _bill. ; _c26 cm. |
||
| 490 | 1 | _aIFPRI research report ; | |
| 650 | 0 | _aAgriculture and state | |
| 650 | 0 | _aPoverty | |
| 650 | 0 | _aAgriculture | |
| 700 | 1 | _aCorong, Erwin. | |
| 942 | _cAEDBB | ||
| 999 |
_c22558 _d22558 |
||